Advanced Engineering Fluid Mechanics (Record no. 336542)

MARC details
000 -LEADER
fixed length control field 00500nam a2200181Ia 4500
008 - FIXED-LENGTH DATA ELEMENTS--GENERAL INFORMATION
fixed length control field 230718s9999 xx 000 0 und d
020 ## - INTERNATIONAL STANDARD BOOK NUMBER
International Standard Book Number 9788173196270
041 ## - LANGUAGE CODE
Language code of text/sound track or separate title eng
082 ## - DEWEY DECIMAL CLASSIFICATION NUMBER
Classification number 620.106
Item number MUR
100 ## - MAIN ENTRY--PERSONAL NAME
Personal name Muralidhar K.
245 ## - TITLE STATEMENT
Title Advanced Engineering Fluid Mechanics
250 ## - EDITION STATEMENT
Edition statement 2nd ed.
260 ## - PUBLICATION, DISTRIBUTION, ETC. (IMPRINT)
Date of publication, distribution, etc. 2013
Name of publisher, distributor, etc. Narosa Publishing
300 ## - PHYSICAL DESCRIPTION
Extent 593
365 ## - TRADE PRICE
Currency code Rs.
Price amount 420.00
700 ## - ADDED ENTRY--PERSONAL NAME
Personal name Muralidhar K. & Biswas G.
9 (RLIN) 189710
906 ## - LOCAL DATA ELEMENT F, LDF (RLIN)
d O:0395024-Jun-2014B:554904-Apr-2014
c MECH
b 92.4
Holdings
Withdrawn status Lost status Damaged status Not for loan Home library Current library Date acquired Vendor Budget Code Cost, normal purchase price Bill number Total Checkouts Full call number Barcode Date last seen Discount Cost, replacement price Bill Date Koha item type Original Barcode
        Cummins College of Engineering for Women Pune Cummins College of Engineering for Women Pune 24/06/2014 Technical Book Services MECH 327.60 5549   620.106 CCEP-BK-47749 18/07/2023 92.4 420.00 04/04/2014 Books 047749